| 000 | 00578nam a22002177a 4500 | ||
|---|---|---|---|
| 003 | OSt | ||
| 005 | 20160921192448.0 | ||
| 008 | 160921b xxu||||| |||| 00| 0 eng d | ||
| 020 | _a9780335234424 | ||
| 020 | _a0335234429 | ||
| 040 | _cDDC | ||
| 082 | _a371.3 ULT 2010 | ||
| 100 |
_aMoore, Sarah [et...al] _911094 |
||
| 245 | _aThe Ultimate Study Skills Handbook | ||
| 260 | _aOpen University Press, 2010 | ||
| 300 | _axv,224p; col.ill: 24cm | ||
| 504 | _aReferences, & index included | ||
| 650 |
_aStudy skills _97110 |
||
| 650 |
_aEducation _91404 |
||
| 942 |
_2z _cO_SHELF |
||
| 999 |
_c5268 _d5268 |
||